000 00434nam a2200181Ia 4500
005 20240823040003.0
008 240823s9999||||xx |||||||||||||| ||und||
041 _aENGLISH
082 _A620.106 P2
100 _aShantha Kumar S RJ
245 0 _aFluid Power Systems
250 _a1st
260 _c2002
_bAnuradha Age
_aKumbakonam
500 _aTRANSFERED
650 _aFluid Power
_bMechanical
942 _cBK
999 _c202004
_d202004